De hominum statibus, et officiis inspectiones morales ad ultimas septem quaestiones secundae secundae Divi Thomae / Fr. Petri Mariae Passerini de Sextula magistri, ac procuratoris generalis Ordinis Praedicatorum, et in romana sapientia s. theol. professoris matutini

Detalles Bibliográficos
Autor principal: Passerini, Pietro Maria, 1596-1677
Formato: Libro
Lenguaje:Latin
Publicado: Romae : typis Nicolai Angeli Tinasij ; sumptib. Io: Casonij, 1663-1665.
Materias:
Colección:Banco de datos
Acervo:Fondo Bibliográfico Antiguo de Libros eclesiásticos de la Universidad de Ciencias y Artes de Chiapas
Descripción Física:3 t. ; f°
Tema general:Teología dogmática
Notas:Portada tipográfica con pleca y escudo en grabado calcográfico. Texto a dos columnas. Cada tomo con portada y numeración propias. Año de los t. 1-2 publicados en 1663. Paginación: t. 1 [6] h., 752 p., [15] h.; t. 2 [6] h., 808 p., [14] h. Encuadernación en pergamino sobre cartón (282, 283). Marca de fuego: Colegio de la Compañía de Jesús de la ciudad Real, (hoy San Cristóbal de la Casas, Chiapas) (282, 283). Ex libris manuscrito en el verso de la portada: "Es del fr. A de Carrasquilla ..." (283). Daños de polilla y en la encuadernación, cubiertas desprendidas (282, 283)
LEADER 02360nam a22002050004500
035 |a 248 
041 0 |a lat 
100 1 |a Passerini, Pietro Maria, 1596-1677 
245 1 0 |a De hominum statibus, et officiis inspectiones morales ad ultimas septem quaestiones secundae secundae Divi Thomae / Fr. Petri Mariae Passerini de Sextula magistri, ac procuratoris generalis Ordinis Praedicatorum, et in romana sapientia s. theol. professoris matutini 
260 |a Romae : typis Nicolai Angeli Tinasij ; sumptib. Io: Casonij, 1663-1665. 
300 |a 3 t. ; f° 
500 |a Portada tipográfica con pleca y escudo en grabado calcográfico. Texto a dos columnas. Cada tomo con portada y numeración propias. Año de los t. 1-2 publicados en 1663. Paginación: t. 1 [6] h., 752 p., [15] h.; t. 2 [6] h., 808 p., [14] h. Encuadernación en pergamino sobre cartón (282, 283). Marca de fuego: Colegio de la Compañía de Jesús de la ciudad Real, (hoy San Cristóbal de la Casas, Chiapas) (282, 283). Ex libris manuscrito en el verso de la portada: "Es del fr. A de Carrasquilla ..." (283). Daños de polilla y en la encuadernación, cubiertas desprendidas (282, 283)  
504 |a Al principio del t. 1 están dos dedicatorias y preliminares; t. 1 y 2 Index articulorum, quaestionarum, et observationum 
504 |a Al final de cada tomo están Index rerum y la fe de erratas en el tomo dos 
505 0 0 |a t. 1 In quo de perfectionis statu in communi; de statu perfectissimo episcopi; de rerum eccclesiae administratione, & alienatione; de statu religioso; & de tribus votis solemnibus religiosorum accuratissimè ad extricandos dubiroum nodos disseritur.-- t. 2 In quo de ijs, quae religiosis sunt vel concessa, vel prohibita; de facultate, quam religiosi habent audiendi confessiones, commutandi vota, ministrandi sanctissimam eucharistiam, praedicandi, & docendi; de omni genere negotiorum secularium eis vetito; de libera sepultura in eorum ecclesijs; de quarta funeralium; de stipendio missarum; & de facultate quaerendi eleemosynas, accuratissimè ad extricandos dubiroum nodos differitur  
650 1 0 |a Teología dogmática 
949 |a UNICACH, Colección de Libros Eclesiásticos: t. 1 (282); t. 2 (283) 
942 |c CHIAECLE 
943 |g Fondo Bibliográfico Antiguo de Libros eclesiásticos de la Universidad de Ciencias y Artes de Chiapas 
999 |c 1101321  |d 1101321